000 00976cam a22002774a 4500
005 20030123082342.0
008 020806s2003 njua b 001 0 eng
010 _aENG-96215
020 _a9788120340367
_c695.00
035 _aEN-79748
037 _bDBAD/PUB
040 _aDPL
_bEng
082 _a005.13
100 _aDeitel, P.J.
245 _aC++:
_cby P.J. Deitel [and] H.M. Deitel
_bhow to program /
250 _a7th ed
260 _aNew Delhi
_bPHI Learning
_c2010
270 _aM-97, Connaught Circus
_bNew Delhi
_e110001
300 _axxxiii, 1068 p. :
_b ill.
_c23 cm (pbk)
_eDVD-ROM
440 _aHow to program series
500 _aIncludes index.
650 _aC++ (Computer program language)
700 _aDeitel, Harvey
942 _2ddc
_cEN
_h005.13
_mDEI
999 _c36398
_d36398